Catalog

Record Details

Catalog Search



Tasty tale of Chewandswallow / by Rick Barba ; ... Read More

Barba, Rick.(Author).
Oswald, Pete.(Added Author). Thompson, Justin.(Added Author). ... Read More

Available copies

  • 0 of 1 copy available at LARL/NWRL Consortium.
  • 0 of 1 copy available at Northwest Regional Library. (Show preferred library)

Current holds

0 current holds with 1 total copy.

Show Only Available Copies
Location Call Number / Copy Notes Barcode Shelving Location Status Due Date
Thief River Falls Public Library E pb (Text) 35500004644850 Main Checked out 05/26/2026

Record details

  • ISBN: 9781847386588 (pbk.)
  • ISBN: 184738658X (pbk.)
  • ISBN: 9781416964964
  • ISBN: 1416964967
  • Physical Description: 1 v. (unpaged) : col. ill. ; 21 cm.
  • Publisher: New York : Simon Spotlight, c2009.

Content descriptions

General Note:
"Read the original book by Judi Barrett and Ron Barrett"--T.p. verso.
Summary, etc.:
Life is delicious in the town of Chewandswallow, ... Read More
Subject: Weather > Juvenile fiction.
Food > Juvenile fiction.
Inventions > Juvenile fiction.
Genre: Humorous stories.
LDR 01372cam a22003618a 4500
001112782
003LARL_NWRL_CONSORTIUM
00520091002070544.0
008090527s2009 enka j 000 1 eng
020 . ‡a9781847386588 (pbk.)
020 . ‡a184738658X (pbk.)
020 . ‡a9781416964964
020 . ‡a1416964967
035 . ‡a(OCoLC)373483498
040 . ‡aUKM ‡cUKM ‡dJAG ‡dGZD
099 . ‡aPIC
1001 . ‡aBarba, Rick. ‡0(LARL_NWRL_CONSORTIUM)108996
24510. ‡aTasty tale of Chewandswallow / ‡cby Rick Barba ; illustrated by Pete Oswald, Justin Thompson, and Andy Bialk.
2463 . ‡aTasty tale of chew and swallow
260 . ‡aNew York : ‡bSimon Spotlight, ‡cc2009.
300 . ‡a1 v. (unpaged) : ‡bcol. ill. ; ‡c21 cm.
500 . ‡a"Read the original book by Judi Barrett and Ron Barrett"--T.p. verso.
520 . ‡aLife is delicious in the town of Chewandswallow, until the weather takes a turn for the worse.
650 0. ‡aWeather ‡vJuvenile fiction.
650 0. ‡aFood ‡vJuvenile fiction.
650 0. ‡aInventions ‡vJuvenile fiction.
655 0. ‡aHumorous stories.
7001 . ‡aOswald, Pete. ‡0(LARL_NWRL_CONSORTIUM)200989
7001 . ‡aThompson, Justin. ‡0(LARL_NWRL_CONSORTIUM)219717
7001 . ‡aBialk, Andy.
7001 . ‡aBarrett, Judi. ‡tCloudy with a chance of meatballs.
901 . ‡a112782 ‡bISxN ‡c112782 ‡tbiblio

Additional Resources